_Sociology Annotated Instructor's Edition / John J. Macionis (Record no. 13150)
[ view plain ]
| 000 -LEADER | |
|---|---|
| fixed length control field | 00453nam a2200157Ia 4500 |
| 008 - FIXED-LENGTH DATA ELEMENTS--GENERAL INFORMATION | |
| fixed length control field | 151021s9999 xx 000 0 und d |
| 020 ## - INTERNATIONAL STANDARD BOOK NUMBER | |
| International Standard Book Number | 131891243 |
| 050 ## - LIBRARY OF CONGRESS CALL NUMBER | |
| Classification number | HM 586.M33 2005 |
| 245 ## - TITLE STATEMENT | |
| Title | _Sociology Annotated Instructor's Edition / John J. Macionis |
| 260 ## - PUBLICATION, DISTRIBUTION, ETC. (IMPRINT) | |
| Place of publication, distribution, etc. | New Jersey : Pearson , 2005 |
| 300 ## - PHYSICAL DESCRIPTION | |
| Extent | xxxi,704 p. |
| 500 ## - GENERAL NOTE | |
| General note | Includes Index |
| 500 ## - GENERAL NOTE | |
| General note | Includes Index |
| 650 ## - SUBJECT ADDED ENTRY--TOPICAL TERM | |
| Topical term or geographic name as entry element | _Sociology |
| 980 ## - EQUIVALENCE OR CROSS-REFERENCE-SERIES STATEMENT--PERSONAL NAME/TITLE [LOCAL, CANADA] | |
| Personal name | ^d20130510 11:20:33^oanne |
No items available.